000 00381nam a22001577a 4500
003 LK-CoDNM
005 20240906145253.0
008 240906b |||||||| |||| 00| 0 eng d
040 _aLK-CoDNM
_dLK-CoDNM
_eLK-CoDNM
041 _aenm
080 _a6
_bB16
100 _aRobert Knox
245 _aRelation ou Vayoge De L'isle
300 _a289p. : ill , ill ; 15cm
942 _cBK
999 _c151470
_d151470